MORE SPEED TYPING (AGAIN) - Statistics

General Stats
  • This quiz has been taken 119 times
  • The average score is 53 of 112
Answer Stats
Hint Answer % Correct
e e
100%
c c
98%
e e
98%
l l
98%
r r
96%
t t
96%
c c
94%
e e
94%
i i
94%
l l
94%
e e
92%
c c
90%
c c
90%
e e
90%
i i
90%
r r
90%
t t
90%
l l
88%
c c
86%
e e
86%
t t
86%
i i
84%
r r
84%
c c
82%
e e
82%
e e
76%
l l
76%
c c
74%
t t
74%
i i
72%
r r
72%
c c
70%
e e
70%
c c
68%
e e
68%
l l
68%
r r
64%
t t
64%
c c
62%
e e
62%
i i
62%
l l
58%
e e
56%
c c
54%
t t
54%
i i
52%
r r
52%
c c
48%
e e
44%
e e
44%
l l
44%
c c
42%
t t
40%
r r
38%
c c
36%
i i
36%
c c
32%
c c
32%
e e
32%
e e
32%
i i
32%
l l
32%
r r
32%
t t
32%
c c
30%
e e
30%
e e
30%
l l
30%
t t
30%
c c
28%
e e
28%
i i
28%
r r
28%
c c
26%
c c
26%
c c
26%
e e
26%
e e
26%
e e
26%
i i
26%
l l
26%
l l
26%
r r
26%
t t
26%
t t
24%
i i
22%
r r
22%
c c
20%
c c
18%
e e
18%
e e
18%
i i
18%
l l
18%
r r
18%
t t
18%
c c
16%
c c
16%
e e
16%
e e
16%
l l
16%
t t
14%
r r
12%
i i
10%
c c
8%
c c
8%
e e
8%
e e
8%
l l
8%
c c
6%
i i
6%
r r
6%
t t
6%
No matching quizzes found
Score Distribution
Percent of People with Each Score
Percentile by Number Answered
Your Score History
You have not taken this quiz